| 000 | 01012nam a22003257a 4500 | ||
|---|---|---|---|
| 001 | 0074 | ||
| 003 | DO-SdBNP | ||
| 005 | 20171212144500.0 | ||
| 007 | 0074 | ||
| 008 | 151103b sp 1970 xxu||||| |||| 00| 0 spa d | ||
| 020 | _a8420739537 | ||
| 040 |
_aBPMSU _bspa _cBPMSU |
||
| 041 | 1 | 7 |
_aspa _heng |
| 092 |
_axxxxxxxx _bxxxxxxxx |
||
| 100 | 1 | 0 |
_aConan Doyle, Arthur, _cSir _d1859-1930 |
| 245 | 1 | 4 |
_aLas aventuras de Sherlock Holmes / _cSir Arthur Conan Doyle ; traducción Juan Manuel Ibeas ; ilustración Sidney Paget |
| 260 |
_aMadrid, España : _bAnaya, _c1990. |
||
| 300 |
_a367 p. : _bil., _c20 cm. |
||
| 490 | 1 | 0 | _aTus libros |
| 490 | 1 | 0 | _aPoliciacos |
| 504 | _aIncluye notas y referencias bibliográficas al pie de las páginas | ||
| 504 | _aBibliografías : p. 365-367 | ||
| 700 | 1 | 0 |
_aIbeas, Juan Manuel, _etr. |
| 700 | 1 | 0 |
_aPaget, Sidney, _eil. |
| 830 | 0 | 0 | _aTus libros |
| 830 | 0 | 0 | _aPoliciacos |
| 942 |
_2ddc _cBK |
||
| 945 | _aInventariado extranjero 2017 / YL | ||
| 956 | _aBrenda Tavárez | ||
| 999 |
_c8518 _d8518 |
||